Assessment of marital discord : an integration for research and clinical practice /

Bibliographic Details
Other Authors: O'Leary, K. Daniel, 1940-
Format: Book
Language:English
Published: Hillsdale, N.J. : Lawrence Erlbaum Associates, 1987.
Subjects:

MARC

Tag First Indicator Second Indicator Subfields
LEADER 00000cam a22000008a 4500
001 in00000012571
005 20151007051845.0
008 860925s1987 nju b 00100 eng
010 |a  86024174  
020 |a 0898599016 
035 |a (OCoLC)14378393 
035 |9 AAA5144AM 
040 |a DLC  |c DLC  |d m/c  |d TXA  |d UtOrBLW 
049 |a TXAM  |c [A12638256] 
050 0 0 |a RC488.5  |b .A87 1987 
082 0 |a 616.89  |2 19 
245 0 0 |a Assessment of marital discord :  |b an integration for research and clinical practice /  |c edited by K. Daniel O'Leary. 
264 1 |a Hillsdale, N.J. :  |b Lawrence Erlbaum Associates,  |c 1987. 
300 |a x, 379 pages 
336 |a text  |b txt  |2 rdacontent 
337 |a unmediated  |b n  |2 rdamedia 
338 |a volume  |b nc  |2 rdacarrier 
504 |a Includes bibliographies and indexes. 
650 0 |a Family psychotherapy. 
650 0 |a Interpersonal relations  |x Evaluation. 
650 0 |a Interpersonal communication  |x Evaluation. 
650 0 |a Marriage  |x Mental health. 
700 1 |a O'Leary, K. Daniel,  |d 1940- 
999 |a MARS 
999 f f |s 304f833f-89e3-3189-ba27-e2a73114a7f7  |i 5dd0e247-f0c2-369a-8fc7-fcace6a68523  |t 0 
952 f f |p ric  |a Texas A&M University  |b Rellis Campus  |c Joint Library Facility  |d Remote Storage  |t 0  |e RC488.5 .A87 1987  |h Library of Congress classification  |i unmediated -- volume  |m A14812638256 
998 f f |a RC488.5 .A87 1987  |t 0  |l Remote Storage